zpět

Detail výsledku týmu

Baarovka, České Budějovice

Datum a čas kvízu

25 Celkem bodů Celkový počet nahraných bodů na tomto kvízu bez doplňovacích otázek.
8. Pořadí na kvízu Konečné umístění týmu na tomto kvízu.

Zaznamenané odpovědi

# Otázka Odpověď Body Výsledky
1. Pro tvůrce aktuálních otázek z... odchyt volně se pohybujících krav 1
2. Minulý týden proběhla médii zp... v Benátkách 1
3. Který český „mistr basů“ oslav... Karel Vágner 0
4. Jeden český státní podnik, kte... České dráhy 0
5. Jedna z nejlepších tenistek so... Ashleigh Bartyová 0
6. Budeme se zabývat pěti filmy,... Elijah Wood, Pán prstenů: Dvě věže 0.5
7. Snímek Pan Jones z roku 2019 v... Agnieszka Holland 0
8. Paní Wilberforceová je výstřed... Lupiči paní domácí 0
9. Komedie Karla Kachyni z roku 1... Kam pánové, kam jdete? 0
10. V roce 2009 vznikl animovaný f... Lišák 0